VALORANT Pro Teams Rosters - Statistics

General Stats
  • This quiz has been taken 1,031 times
  • The average score is 13 of 20
Answer Stats
Roster Region Team % Correct
BoasterEnzo Derke Mistic Alfajer EMEA Fnatic
93%
ShahZaMKanpeki TenZ SicK dapr NA Sentinels
83%
Sacyaspas saadhak pancada Less LATAM LOUD
80%
stellarbang Will Derrek Asuna NA 100 Thieves
78%
JamppiNivera L1NK soulcas ScreaM EMEA Team Liquid
78%
vanitycurry Xeppaa leaf mitch NA Cloud9
75%
FNScrashies Victor Marved yay NA OpTic Gaming
75%
Benkaimindfreak Jinggg f0rsakeN d4v41 APAC Paper Rex
75%
staxRb Zest BuZz MaKo KR DRX
68%
RedgarnAts sheydos d3ffo Chronicle EMEA M3 Champions
68%
SUYGETSUZyppan ANGE1 Shao ardiis EMEA FunPlus Phoenix
66%
valynJonahP Sayaplayer trent neT NA The Guard
66%
SubrozagMd seven corey Rossy NA TSM
66%
zeekvakk MONSTEERR cNed starxo EMEA Acend
63%
dephhCryocells zekken AYRIN BcJ NA XSET
60%
delz1kNagZ Klaus Mazino keznit LATAM KRÜ Esports
59%
hoodyMeddo Mixwell AvovA nukkye EMEA G2 Esports
58%
Lazcrow Dep SugarZ3ro TENNN JP ZETA DIVISION
55%
foxzSurf Crws sScary Sushiboys APAC XERXIA Esports
32%
v1xenxand bezn1 cauanzin Jonn LATAM Ninjas in Pyjamas
29%
No matching quizzes found
Score Distribution
Percent of People with Each Score
Percentile by Number Answered
Your Score History
You have not taken this quiz